书目信息 |
| 题名: |
新编中文Photoshop CS综合应用教程
|
|
| 作者: | 郭玉红 编 | |
| 分册: | ||
| 出版信息: | 西安 西北工业大学音像电子出版社 2006.03 |
|
| 页数: | 370页, [4] 页图版 | |
| 开本: | 26cm | |
| 丛书名: | 21世纪国家计算机技能型人才综合培训教材 | |
| 单 册: | ||
| 中图分类: | TP391.41 | |
| 科图分类: | ||
| 主题词: | 图象处理--tu xiang chu li--应用软件--技术培训--教材 | |
| 电子资源: | ||
| ISBN: | 7-900677-77-1 | |
| 000 | 01109nam 2200253 450 | |
| 001 | 012007057103 | |
| 005 | 20070920162636.54 | |
| 010 | @a7-900677-77-1@dCNY35.00 (含光盘) | |
| 100 | @a20070821d2006 km y0chiy0120 ea | |
| 101 | 0 | @achi |
| 102 | @aCN@b610000 | |
| 105 | @aaf z 000yy | |
| 200 | 1 | @a新编中文Photoshop CS综合应用教程@Axin bian zhong wen Photoshop CS zong he ying yong jiao cheng@f郭玉红编@Fguo yu hong bian |
| 210 | @a西安@c西北工业大学音像电子出版社@d2006.03 | |
| 215 | @a370页, [4] 页图版@c图@d26cm@e光盘1片 | |
| 225 | 2 | @a21世纪国家计算机技能型人才综合培训教材@A21 shi ji guo jia ji suan ji ji neng xing ren cai zong he pei xun jiao cai |
| 330 | @a本书主要内容有中文Photoshop CS基础知识、中文Photoshop CS的基本操作,另外还配有大量的实例和习题。 | |
| 410 | 0 | @12001 @a21世纪国家计算机技能型人才综合培训教材 |
| 517 | 1 | @a中文Photoshop CS综合应用教程@Azhong wen Photoshop CS zong he ying yong jiao cheng |
| 606 | 0 | @a图象处理@Atu xiang chu li@x应用软件@x技术培训@j教材 |
| 690 | @aTP391.41@v4 | |
| 701 | 0 | @a郭玉红@Aguo yu hong@4编 |
| 801 | 0 | @aCN@c20070920 |
| 905 | @dTP391.41@eG862 | |
| 新编中文Photoshop CS综合应用教程/郭玉红编.-西安:西北工业大学音像电子出版社,2006.03 |
| 370页, [4] 页图版:图;26cm+光盘1片.-(21世纪国家计算机技能型人才综合培训教材) |
| ISBN 7-900677-77-1:CNY35.00 (含光盘) |
| 本书主要内容有中文Photoshop CS基础知识、中文Photoshop CS的基本操作,另外还配有大量的实例和习题。 |
| ● |
| 相关链接 |
|
|
|
正题名:新编中文Photoshop CS综合应用教程
索取号:TP391.41/G862
 
预约/预借
| 序号 | 登录号 | 条形码 | 馆藏地/架位号 | 状态 | 备注 |
| 1 | 260971 | 202609711 | 期刊室512/301自科库 96排2列2层/ [索取号:TP391.41/G862] | 在馆 | |
| 2 | 260972 | 202609720 | 自科库301/301自科库 96排2列2层/ [索取号:TP391.41/G862] | 在馆 | |
| 3 | 260973 | 202609739 | 期刊室512/301自科库 96排2列2层/ [索取号:TP391.41/G862] | 在馆 |